000 00915cam a22003017a 4500
003 CHAP
005 20220329135324.0
008 971013s1959 r 00010 d
010 _a34382
011 _a35354
035 _a39470
040 _cCHAP
082 _a589.9
_bO35
100 0 0 _aOginsky, Evelyn L.
_982835
245 1 3 _aAn introduction to bacterial physiology
260 _aSan Francisco :
_bFreeman,
_c1959
300 _a443 p.
_b: ilus.
590 _aBATCH-UPD
_b10
_c20130110
_lUCH01
_h0030
590 _aBATCH-UPD
_b10
_c20130110
_lUCH01
_h2032
590 _aBATCH-UPD
_b10
_c20130410
_lUCH01
_h1348
590 _aBATCH-UPD
_b10
_c20130914
_lUCH01
_h0521
590 _aCONVERSION
_b10
_c20130109
_lUCH01
_h1319
650 1 4 _aBacteriología.
_99330
700 0 _aUmbreit, Wayne William.
_9116086
901 _aBK
942 _cLIBRO
949 _a589.9 O35
_bBC
_cLIBRO
_d33724000396941
_eLIBRO
_h1697
_i39470
_si
999 _c34382
_d34382